<?xml version="1.0" encoding="UTF-8"?>
<record
    xmlns:xsi="http://www.w3.org/2001/XMLSchema-instance"
    xsi:schemaLocation="http://www.loc.gov/MARC21/slim http://www.loc.gov/standards/marcxml/schema/MARC21slim.xsd"
    xmlns="http://www.loc.gov/MARC21/slim">

  <leader>00958nab a2200253uuc4500</leader>
  <controlfield tag="001">1346670</controlfield>
  <controlfield tag="005">20240904093325.0</controlfield>
  <controlfield tag="008">131011e20130613                    spa  </controlfield>
  <datafield tag="035" ind1=" " ind2=" ">
    <subfield code="a">1346670</subfield>
  </datafield>
  <datafield tag="040" ind1=" " ind2=" ">
    <subfield code="c">comduadb</subfield>
  </datafield>
  <datafield tag="041" ind1=" " ind2=" ">
    <subfield code="a">spa</subfield>
  </datafield>
  <datafield tag="100" ind1="1" ind2="0">
    <subfield code="a">Roncallo-Dow, Sergio</subfield>
    <subfield code="4">aut</subfield>
    <subfield code="0">(viaf)8151533712702771939</subfield>
    <subfield code="e">aut</subfield>
    <subfield code="9">657388</subfield>
  </datafield>
  <datafield tag="245" ind1="1" ind2="3">
    <subfield code="a">La investigaci&#xF3;n en comunicaci&#xF3;n : los l&#xED;mites  y limitantes del conocimiento</subfield>
  </datafield>
  <datafield tag="260" ind1=" " ind2=" ">
    <subfield code="c">2013.</subfield>
  </datafield>
  <datafield tag="650" ind1=" " ind2="7">
    <subfield code="a">Comunicaci&#xF3;n</subfield>
    <subfield code="2">embne</subfield>
    <subfield code="9">1550</subfield>
  </datafield>
  <datafield tag="650" ind1=" " ind2="7">
    <subfield code="a">Comunicaci&#xF3;n</subfield>
    <subfield code="x">Investigaciones</subfield>
    <subfield code="2">lemb</subfield>
    <subfield code="9">100677</subfield>
  </datafield>
  <datafield tag="650" ind1=" " ind2="7">
    <subfield code="a">Cienciometria</subfield>
    <subfield code="2">embne</subfield>
    <subfield code="9">23716</subfield>
  </datafield>
  <datafield tag="650" ind1=" " ind2=" ">
    <subfield code="a">Comunicacion - Epistemologia</subfield>
    <subfield code="9">169986</subfield>
  </datafield>
  <datafield tag="650" ind1=" " ind2="7">
    <subfield code="a">Revistas cient&#xED;ficas</subfield>
    <subfield code="2"></subfield>
    <subfield code="9">24811</subfield>
  </datafield>
  <datafield tag="700" ind1="1" ind2="0">
    <subfield code="a">Uribe Jongbloed, Enrique</subfield>
    <subfield code="4">aut</subfield>
    <subfield code="e">aut</subfield>
    <subfield code="9">458229</subfield>
  </datafield>
  <datafield tag="700" ind1="1" ind2="0">
    <subfield code="a">Calderon Reyes, Isabel</subfield>
    <subfield code="4">aut</subfield>
    <subfield code="e">aut</subfield>
    <subfield code="9">667795</subfield>
  </datafield>
  <datafield tag="773" ind1="0" ind2=" ">
    <subfield code="t">Co-herencia : Revista de Humanidades (Medell&#xED;n)</subfield>
    <subfield code="g">Volumen 10, N&#xFA;mero 18, Enero-Junio 2013, 161-187</subfield>
    <subfield code="w">911085</subfield>
    <subfield code="x">1794-5887</subfield>
    <subfield code="0">338993</subfield>
  </datafield>
  <datafield tag="942" ind1=" " ind2=" ">
    <subfield code="c">ARIMP</subfield>
  </datafield>
  <datafield tag="999" ind1=" " ind2=" ">
    <subfield code="c">670801</subfield>
    <subfield code="d">670801</subfield>
  </datafield>
</record>
